|
|
|
|
| LEADER |
00000nam a22000007a 4500 |
| 005 |
20201104233113.0 |
| 007 |
cu|||| |||| |
| 008 |
201104s2008 es |||||s|||| 00||0 spa d |
| 020 |
|
|
|a 978-84-9849-190-6
|
| 035 |
|
|
|a 32300
|
| 040 |
|
|
|a vLex
|
| 090 |
|
|
|c 10844
|d 10844
|
| 100 |
1 |
|
|a Bouch ̌Peris, J. Henri
|
| 245 |
0 |
0 |
|a Mediacin̤ y orientacin̤ familiar
|h [Recurso electrn̤ico] /
|c J. Henri Bouch ̌Peris, Francisco L. Hidalgo Mena
|n Tomo II
|
| 256 |
|
|
|a Servicio en ln̕ea
|
| 260 |
|
|
|a Madrid:
|b Dykinson,
|c 2008
|
| 300 |
|
|
|a 1 recurso electrn̤ico
|
| 500 |
|
|
|a Se tratan diversos aspectos de la sociologa̕ de la familia en nuestro contexto nacional y en el marco europeo, referencias especf̕icas sobre las caracters̕ticas ms̀ sobresalientes de la familia en el m̀bito europeo en sus vertientes sociales y demogrf̀icas. Cm̤o se entiende la nupcialidad, el divorcio y la separacin̤, cul̀es son los miembros componentes de estas familias y cul̀es los valores que subyacen o se manifiestan en su seno. Son, todas ellas, cuestiones que conciernen al mediador familiar y orientador. Se analiza, en otro tema, la perspectiva educativa y actitudinal que se crea y recrea en la familia y en la comunidad en que se inscribe. Tras las cuestiones fundamentales de la familia, el presente libro introduce al lector en la mediacin̤ familiar, en su concepto, limites, referencia especf̕ica al conflicto, etc. Otra perspectiva de la mediacin̤ que se contempla en este volumen es su consideracin̤ de proceso tendente a la reestructuracin̤ de la organizacin̤ familiar en situaciones de conflicto. Se abordan, por lo tanto, cuestiones referentes a la identidad, el mito familiar y las relaciones entre conflicto familiar y mediacin̤.
|
| 506 |
1 |
|
|a Disponible solo en los productos indicados
|d vLex Global
|d vLex Global (Academic Edition, excluding Law Schools)
|d vLex Global (U.S. Academic Edition, Law Schools)
|d vLex Global (U.S. Academic Edition, excluding Law Schools)
|d vLex Global (Academic Edition, Law Schools)
|
| 650 |
0 |
4 |
|a Derecho Civil
|z Espaą
|
| 650 |
0 |
4 |
|a Familia y Sucesiones
|z Espaą
|
| 650 |
0 |
4 |
|a Educacin̤
|z Espaą
|
| 650 |
0 |
4 |
|a Arbitraje
|z Espaą
|
| 650 |
0 |
4 |
|a Ciencias sociales
|z Espaą
|
| 650 |
0 |
4 |
|a Educacin̤
|z Espaą
|
| 700 |
1 |
|
|a Hidalgo Mena, Francisco L.
|
| 740 |
0 |
|
|a vLex Libros (Servicio en ln̕ea)
|
| 856 |
4 |
0 |
|u http://vlex.com/source/mediacion-y-orientacion-familiar-tomo-ii-32300
|z Acceso restringido
|
| 942 |
|
|
|c BOOK
|
| 999 |
0 |
|
|a Civil Law
|
| 999 |
0 |
|
|a Family and Successions
|
| 999 |
0 |
|
|a Education
|
| 999 |
0 |
|
|a Arbitration
|
| 999 |
0 |
|
|a Social Sciences
|
| 999 |
0 |
|
|a Education
|